| 000 | 00421nam a2200157Ia 4500 | ||
|---|---|---|---|
| 008 | 230917s9999||||xx |||||||||||||| ||und|| | ||
| 020 | _cRS595 | ||
| 040 |
_e8615 _aMAIN |
||
| 041 | _aEnglish | ||
| 082 | _a327.101 S23I | ||
| 100 | _aSharma, Urmila | ||
| 245 | 0 | _aInternational relations: Theory and history (up to World War II). V1 | |
| 260 |
_aNew Delhi _bAtlantic Publishers _c1997 |
||
| 300 | _a392 p. | ||
| 942 | _cBK | ||
| 999 |
_c97530 _d97530 |
||